|
|
|
|
| LEADER |
00000nab a2200000 a 4500 |
| 001 |
vtls000543079 |
| 003 |
SK-MaSNL |
| 005 |
20260304094533.0 |
| 008 |
250425c1993 xo 0 slo |
| 015 |
|
|
|a SNBRA19rr/mm-uuuuu
|
| 035 |
|
|
|a CL0543217
|
| 035 |
|
|
|a urn:nbn:sk:snk-ab9g4s
|
| 035 |
|
|
|a (urnnbn)urn:nbn:sk:snk:ar-a08dbn
|
| 035 |
|
|
|a (uuid)771f28d6-841c-49e1-abad-1ff3ccb7026e
|
| 040 |
|
|
|a SNKBUCL
|b slo
|c SNKBUCL
|e AACR2
|
| 041 |
0 |
|
|a slo
|
| 044 |
|
|
|a xo
|c SK
|
| 080 |
|
|
|a 621.822.5:621.891
|2 1981
|
| 080 |
|
|
|a 621.891
|2 1981
|
| 100 |
1 |
|
|a Rusnák, Juraj,
|d 1960-
|4 aut
|9 143302
|
| 245 |
1 |
0 |
|a Objemové opotrebenie ako významný faktor ovplyvňujúci zmenu presnosti uloženia spekaných ložísk
|c Juraj Rusnák
|
| 300 |
|
|
|b Sch. 2, lit. 1 zázn. v slov.
|
| 650 |
0 |
7 |
|a klzné ložiská
|2 SNKPH
|9 79803
|
| 655 |
|
7 |
|a články zo zborníkov
|2 SNKPH
|9 166140
|
| 773 |
0 |
|
|t Zborník vedeckých prác Materiálovotechnologickej fakulty Slovenskej technickej univerzity v Bratislave. Zv. 1
|d Bratislava : STU, 1993
|g S. 8-12
|z 8022706574
|
| 850 |
|
|
|a Slovenská národná knižnica
|
| 852 |
|
|
|a Slovenská národná knižnica
|
| 954 |
|
|
|a odborná, vedecká literatúra pôvodná (slovenská)
|2 lita
|
| 958 |
|
|
|a article13
|
| 958 |
|
|
|a RK
|
| 958 |
|
|
|a OND
|
| 958 |
|
|
|a EUIPO
|
| 992 |
|
|
|a RZB
|
| 999 |
|
|
|c 2827679
|d 2829609
|